The methods of historical study (Record no. 54563)

MARC details
000 -LEADER
campo de control de longitud fija 00660nam a22001695i 4500
001 - NÚMERO DE CONTROL
campo de control 54563
003 - IDENTIFICADOR DE NÚMERO DE CONTROL
campo de control ES-MaACL
005 - FECHA Y HORA DE LA ÚLTIMA TRANSACCIÓN
campo de control 20230906162957.0
007 - CAMPO FIJO DE DESCRIPCIÓN FÍSICA--INFORMACIÓN GENERAL
campo de control de longitud fija t|
008 - DATOS DE LONGITUD FIJA--INFORMACIÓN GENERAL
campo de control de longitud fija 960723s1886 xxk ||||1| eng d
040 ## - FUENTE DE CATALOGACIÓN
Centro catalogador/agencia de origen CAM
Lengua de catalogación spa
Centro/agencia transcriptor CAM
100 1# - ENTRADA PRINCIPAL--NOMBRE DE PERSONA
Nombre de persona Freeman, Edward Augustus.
9 (RLIN) 154765
245 14 - MENCIÓN DEL TÍTULO
Título The methods of historical study
Resto del título : eight lectures read in the university of Oxford in Michaelmas term 1884; with the inagural lecture on The office of the historical professor /
Mención de responsabilidad, etc. by Edward A. Freeman.
260 ## - PUBLICACIÓN, DISTRIBUCIÓN, ETC.
Lugar de publicación, distribución, etc. London :
Nombre del editor, distribuidor, etc. Macmillan and co.,
Fecha de publicación, distribución, etc. 1886 (
Lugar de fabricación/manufactura Oxford :
Fabricante printed by Horace Hart)
300 ## - DESCRIPCIÓN FÍSICA
Extensión VI, [1], 335 p. ;
Dimensiones 23 cm.
852 ## - LOCALIZACIÓN
Ubicación ES-MaACL
Número de control de estantería G-11488
Holdings
Estatus retirado Estado de pérdida Estado de daño No para préstamo Colección Biblioteca de origen Biblioteca actual Ubicación en estantería Fecha de adquisición Fuente de adquisición Total de préstamos Signatura topográfica completa Código de barras Visto por última vez Precio de reemplazo Tipo de ítem Koha
        Libros del s. XIX Biblioteca del Ateneo de Madrid Biblioteca del Ateneo de Madrid Sala Pecera Planta 3 17/01/2008     G-11488 1057335 23/02/2023 23/02/2023 Libro impreso antiguo